| 000 | 00963nam a2200289Ia 4500 | ||
|---|---|---|---|
| 001 | Para_1025 | ||
| 003 | CHAP | ||
| 008 | 220125s1995 xx 000 0 und d | ||
| 010 | _a199685 | ||
| 040 | _cCHAP | ||
| 090 | _aPA TESIS 991 | ||
| 100 |
_aMiguel Palma, Angel _975622 |
||
| 245 |
_aValidación de alternativas para el control de virosis en melón (Cucumis melo L.) en el Cayaco, Estado de Guerrero / _c por Angel Miguel Palma |
||
| 260 |
_aChapingo, Méx. : _b El autor |
||
| 300 | _a81 h. | ||
| 502 | _aTesis (Ing. Agr. Esp. en Parasitología Agrícola) -- UACh. Depto. Parasitología | ||
| 650 |
_aMelón _x Enfermedades por virus _974452 |
||
| 650 |
_aMelón _x Guerrero _974461 |
||
| 710 |
_aUACh. Departamento Parasitología Agrícola _9164025 |
||
| 901 | _aPA TESIS 991 | ||
| 902 | _aA | ||
| 905 | _a0000001995 i 0000000000 00 | ||
| 910 | _a1995 | ||
| 942 | _cPARA | ||
| 942 |
_cPARA _d1 |
||
| 999 |
_c199685 _d199685 |
||